[Event "Orsay Blitz op"]
[Site "Europe Echecs INT"]
[Date "2023.09.17"]
[Round "9"]
[White "Konopka, Jeremiasz"]
[Black "Brahami, Lamine"]
[Result "0-1"]
[WhiteElo "1858"]
[BlackElo "2184"]
[PlyCount "46"]
[EventDate "2023.09.17"]
[EventType "swiss (blitz)"]
[EventRounds "11"]
[EventCountry "FRA"]
[SourceTitle "EXT 2025"]
[Source "ChessBase"]
[SourceDate "2024.10.14"]
[SourceVersion "1"]
[SourceVersionDate "2024.10.14"]
[SourceQuality "1"]

1. e4 c5 2. b4 cxb4 3. a3 bxa3 4. d4 e6 5. c3 Nc6 6. Bxa3 Bxa3 7. Nxa3 d5 8. e5 Nge7 9. Bd3 0-0 10. Qh5 g6 11. Qh3 Qa5 12. Ne2 Nxd4 13. Nxd4 Qxc3+ 14. Ke2 Qxd4 15. Nc2 Qxe5+ 16. Kd2 Qf4+ 17. Ke2 Nc6 18. g3 Nd4+ 19. Nxd4 Qxd4 20. Rac1 e5 21. Qg2 e4 22. Bb1 Bg4+ 23. Ke1 Rac8 0-1

[Event "Orsay Blitz op"]
[Site "Europe Echecs INT"]
[Date "2023.09.17"]
[Round "11"]
[White "Konopka, Jeremiasz"]
[Black "Hareux, Hubert"]
[Result "0-1"]
[WhiteElo "1858"]
[BlackElo "2189"]
[PlyCount "86"]
[EventDate "2023.09.17"]
[EventType "swiss (blitz)"]
[EventRounds "11"]
[EventCountry "FRA"]
[SourceTitle "EXT 2025"]
[Source "ChessBase"]
[SourceDate "2024.10.14"]
[SourceVersion "1"]
[SourceVersionDate "2024.10.14"]
[SourceQuality "1"]

1. e4 e6 2. d4 d5 3. e5 c5 4. c3 Nc6 5. Nf3 Qb6 6. a3 cxd4 7. cxd4 Nge7 8. Bd3 Nf5 9. Bxf5 exf5 10. 0-0 Be6 11. Nc3 Be7 12. b4 0-0 13. Na4 Qd8 14. Nc5 b6 15. Nxe6 fxe6 16. Bd2 Rc8 17. Rc1 Qd7 18. Qb3 Rc7 19. Rc2 Rfc8 20. Rfc1 Nd8 21. Kf1 b5 22. Rxc7 Rxc7 23. Rxc7 Qxc7 24. Bg5 Bxg5 25. Nxg5 Qc1+ 26. Ke2 Qxg5 27. Qc3 Qe7 28. Qc8 Kf7 29. f4 Ke8 30. g3 Qd7 31. Qa6 Qb7 32. Qd6 Qc6 33. Qb8 a6 34. Kf3 Qc3+ 35. Kg2 Qxd4 36. Qc7 Qd2+ 37. Kh3 Qe2 38. Qxg7 Qg4+ 39. Qxg4 fxg4+ 40. Kxg4 Kf7 41. h4 Nc6 42. Kf3 h5 43. Ke3 Kg6 0-1

[Event "Orsay Blitz op"]
[Site "Europe Echecs INT"]
[Date "2023.09.17"]
[Round "2"]
[White "Lysyj, Igor"]
[Black "Konopka, Jeremiasz"]
[Result "1-0"]
[WhiteElo "2589"]
[BlackElo "1858"]
[PlyCount "63"]
[EventDate "2023.09.17"]
[EventType "swiss (blitz)"]
[EventRounds "11"]
[EventCountry "FRA"]
[SourceTitle "EXT 2025"]
[Source "ChessBase"]
[SourceDate "2024.10.14"]
[SourceVersion "1"]
[SourceVersionDate "2024.10.14"]
[SourceQuality "1"]

1. d4 Nf6 2. Nf3 e6 3. e3 d5 4. Bd3 a6 5. b3 c5 6. 0-0 Nc6 7. Bb2 Bd6 8. dxc5 Bxc5 9. a3 0-0 10. Nbd2 b5 11. e4 dxe4 12. Nxe4 Be7 13. Qe2 Bb7 14. Rfd1 Qb6 15. Nxf6+ Bxf6 16. Bxf6 gxf6 17. Qe4 f5 18. Qh4 f6 19. c4 Rad8 20. cxb5 axb5 21. Bf1 Ne5 22. Nxe5 fxe5 23. Qg3+ Kf7 24. Qxe5 Rd5 25. Rxd5 Bxd5 26. Rc1 Re8 27. b4 Re7 28. Qh8 Kg6 29. Rc8 Rg7 30. Rg8 Rxg8 31. Qxg8+ Kh6 32. h4 1-0

[Event "Orsay Blitz op"]
[Site "Europe Echecs INT"]
[Date "2023.09.17"]
[Round "6"]
[White "Viala Merlot, Martin"]
[Black "Konopka, Jeremiasz"]
[Result "0-1"]
[WhiteElo "1069"]
[BlackElo "1858"]
[PlyCount "73"]
[EventDate "2023.09.17"]
[EventType "swiss (blitz)"]
[EventRounds "11"]
[EventCountry "FRA"]
[SourceTitle "EXT 2025"]
[Source "ChessBase"]
[SourceDate "2024.10.14"]
[SourceVersion "1"]
[SourceVersionDate "2024.10.14"]
[SourceQuality "1"]

1. e4 e6 2. d4 d5 3. exd5 exd5 4. Nf3 Nf6 5. Bf4 Bd6 6. Bxd6 Qxd6 7. Nc3 0-0 8. Be2 c6 9. 0-0 h6 10. Bd3 Re8 11. h3 Nbd7 12. Qd2 Nf8 13. Rfe1 Bd7 14. Na4 b6 15. Nc3 Rxe1+ 16. Rxe1 Re8 17. Ne5 Bc8 18. Kf1 N8d7 19. Nxd7 Rxe1+ 20. Qxe1 Qxd7 21. Qe5 Kf8 22. Ne2 Ne8 23. Nf4 Qd6 24. Qxd6+ Nxd6 25. Ke2 Ke7 26. Ke3 g5 27. Nh5 f5 28. Kd2 Bd7 29. f3 f4 30. Ke2 Be8 31. b3 Bxh5 32. Kf2 Kf6 33. g4 Bg6 34. Bxg6 Kxg6 35. Ke2 Kf6 36. Kd3 c5 37. c4 0-1

[Event "POL Cup op rapid"]
[Site "Lodz"]
[Date "2021.08.07"]
[Round "2"]
[White "Konopka, Jeremiasz"]
[Black "Piesik, Piotr"]
[Result "0-1"]
[WhiteElo "1926"]
[BlackElo "2404"]
[PlyCount "60"]
[EventDate "2021.08.07"]
[EventType "swiss (rapid)"]
[EventRounds "9"]
[EventCountry "POL"]
[SourceTitle "CBM 203 Extra"]
[Source "ChessBase"]
[SourceDate "2021.09.30"]
[SourceVersion "1"]
[SourceVersionDate "2021.09.30"]
[SourceQuality "1"]

1. e4 g6 2. d4 Bg7 3. c4 d6 4. Nc3 Nd7 5. f4 e5 6. Nf3 c6 7. Be3 Qe7 8. fxe5 dxe5 9. d5 Ngf6 10. d6 Qd8 11. h3 0-0 12. Qd2 a5 13. Be2 a4 14. a3 Qa5 15. 0-0 Nc5 16. Ng5 Nb3 17. Qd3 Nxa1 18. Rxa1 h6 19. Nf3 Be6 20. c5 Nd7 21. Rc1 Nxc5 22. Bxc5 Qxc5+ 23. Kh2 Rfd8 24. Rd1 Bf8 25. g4 Rxd6 26. Qb1 Rxd1 27. Qxd1 b5 28. Kg2 Be7 29. Nb1 Rd8 30. Qe1 Qc2 0-1

[Event "Cappelle Online Blitz op"]
[Site "Europe Echecs INT"]
[Date "2021.03.07"]
[Round "11"]
[White "Konopka, Jeremiasz"]
[Black "Alberola, Raphael"]
[Result "1-0"]
[WhiteElo "1926"]
[BlackElo "1664"]
[PlyCount "93"]
[EventDate "2021.03.07"]
[EventType "swiss (blitz)"]
[EventRounds "11"]
[EventCountry "FRA"]
[SourceTitle "CBM 201 Extra"]
[Source "ChessBase"]
[SourceDate "2021.05.31"]
[SourceVersion "1"]
[SourceVersionDate "2021.05.31"]
[SourceQuality "1"]

1. e4 d5 2. e5 e6 3. d4 c5 4. c3 Nc6 5. Nf3 Qb6 6. Bd3 Bd7 7. 0-0 h5 8. Qb3 Qc7 9. Bf4 c4 10. Qc2 cxd3 11. Qxd3 g6 12. Nbd2 Bg7 13. b4 Nge7 14. a4 0-0 15. Nb3 b6 16. Rac1 Nf5 17. h3 Rac8 18. g4 hxg4 19. hxg4 Nh6 20. Nh2 Ne7 21. Nd2 Bxa4 22. Qh3 Nhf5 23. gxf5 Nxf5 24. Ng4 Rfe8 25. Nf3 Bb5 26. Rfe1 Bd3 27. Ng5 a5 28. bxa5 bxa5 29. Bh2 a4 30. Nf6+ Kf8 31. Nxe8 Kxe8 32. Qxd3 a3 33. Qb5+ Kf8 34. Qb4+ Kg8 35. Qxa3 Bh6 36. Bf4 Nh4 37. Re3 Nf5 38. Rh3 Bg7 39. Qb2 Qc4 40. Qd2 Ra8 41. Qd3 Qc7 42. Qf3 Ra2 43. Be3 Qc4 44. Qh1 Qe2 45. Rh8+ Bxh8 46. Qh7+ Kf8 47. Qxf7# 1-0

[Event "Cappelle Online Blitz op"]
[Site "Europe Echecs INT"]
[Date "2021.03.07"]
[Round "4"]
[White "Konopka, Jeremiasz"]
[Black "Belenkaya, Dina"]
[Result "1-0"]
[WhiteElo "1926"]
[BlackElo "2293"]
[PlyCount "73"]
[EventDate "2021.03.07"]
[EventType "swiss (blitz)"]
[EventRounds "11"]
[EventCountry "FRA"]
[SourceTitle "CBM 201 Extra"]
[Source "ChessBase"]
[SourceDate "2021.05.31"]
[SourceVersion "1"]
[SourceVersionDate "2021.05.31"]
[SourceQuality "1"]

1. e4 d5 2. exd5 Qxd5 3. Nf3 Bg4 4. Be2 Nc6 5. Nc3 Qa5 6. 0-0 Nf6 7. d3 e6 8. h3 Bh5 9. Bd2 0-0-0 10. a3 Qf5 11. Be3 Bxf3 12. Bxf3 Nd4 13. Bg4 Nxg4 14. hxg4 Qe5 15. Qd2 h5 16. f4 Qd6 17. g5 Qc6 18. Rac1 Nf5 19. Bf2 Bc5 20. Bxc5 Qxc5+ 21. Qf2 Qc6 22. Ne4 Kb8 23. Rfe1 h4 24. b4 Qd5 25. a4 h3 26. g4 h2+ 27. Kh1 Nd4 28. c4 Qd7 29. Qg2 Rh4 30. Nc5 Qc8 31. a5 f5 32. gxf5 exf5 33. a6 c6 34. Re7 bxa6 35. Rce1 Rxf4 36. Rxg7 Rf3 37. Ree7 1-0

[Event "Cappelle Online Bullet op"]
[Site "Europe Echecs INT"]
[Date "2021.03.05"]
[Round "12"]
[White "Afraoui, Anaelle"]
[Black "Konopka, Jeremiasz"]
[Result "1-0"]
[WhiteElo "2106"]
[BlackElo "1926"]
[PlyCount "45"]
[EventDate "2021.03.05"]
[EventType "swiss (blitz)"]
[EventRounds "15"]
[EventCountry "FRA"]
[SourceTitle "EXT 2022"]
[Source "ChessBase"]
[SourceDate "2021.10.06"]
[SourceVersion "1"]
[SourceVersionDate "2021.10.06"]
[SourceQuality "1"]

1. e4 c5 2. Nf3 a6 3. d4 cxd4 4. Qxd4 Nc6 5. Qd1 d6 6. Nc3 g6 7. Be2 Bg7 8. Be3 Nf6 9. h3 0-0 10. 0-0 Be6 11. Qd2 Qd7 12. Rad1 Bxh3 13. gxh3 Qxh3 14. Nh2 Ne5 15. Bf4 Nh5 16. Qe3 Nxf4 17. Qxf4 Bh6 18. Qg3 Qe6 19. Nd5 Rac8 20. c3 f6 21. Bg4 f5 22. exf5 Nxg4 23. fxe6 1-0

[Event "Cappelle Online Bullet op"]
[Site "Europe Echecs INT"]
[Date "2021.03.05"]
[Round "5"]
[White "Konopka, Jeremiasz"]
[Black "Courcelle, Victor"]
[Result "1-0"]
[WhiteElo "1926"]
[BlackElo "1313"]
[PlyCount "79"]
[EventDate "2021.03.05"]
[EventType "swiss (blitz)"]
[EventRounds "15"]
[EventCountry "FRA"]
[SourceTitle "EXT 2022"]
[Source "ChessBase"]
[SourceDate "2021.10.06"]
[SourceVersion "1"]
[SourceVersionDate "2021.10.06"]
[SourceQuality "1"]

1. e4 e5 2. Nf3 Bc5 3. c3 Nf6 4. d3 Nc6 5. Be3 Bxe3 6. fxe3 d5 7. exd5 Nxd5 8. Qd2 Bg4 9. Be2 Qh4+ 10. Nxh4 Bxe2 11. Qxe2 0-0-0 12. 0-0 g5 13. Nf5 Nce7 14. Nxe7+ Nxe7 15. Qg4+ Kb8 16. Rxf7 Ng6 17. Na3 e4 18. Qxe4 Rhe8 19. Qf3 Ne5 20. Qf5 Nxf7 21. Qxf7 Rf8 22. Qxh7 Rf6 23. Nc4 Rdf8 24. Ne5 Kc8 25. Qd7+ Kb8 26. h3 Rf2 27. a4 a6 28. b4 Ka7 29. b5 R2f5 30. Nc6+ bxc6 31. Qxc7+ Ka8 32. b6 R5f7 33. Qxc6+ Kb8 34. Re1 Rf2 35. d4 R2f7 36. d5 Rc8 37. Qd6+ Rcc7 38. bxc7+ Rxc7 39. Qb6+ Rb7 40. Qd8+ 1-0

[Event "Cappelle Online Bullet op"]
[Site "Europe Echecs INT"]
[Date "2021.03.05"]
[Round "9"]
[White "Konopka, Jeremiasz"]
[Black "Feryn, Benjamin"]
[Result "0-1"]
[WhiteElo "1926"]
[BlackElo "2194"]
[PlyCount "82"]
[EventDate "2021.03.05"]
[EventType "swiss (blitz)"]
[EventRounds "15"]
[EventCountry "FRA"]
[SourceTitle "EXT 2022"]
[Source "ChessBase"]
[SourceDate "2021.10.06"]
[SourceVersion "1"]
[SourceVersionDate "2021.10.06"]
[SourceQuality "1"]

1. e4 e5 2. Nf3 Nc6 3. d4 exd4 4. c3 d5 5. e5 Bg4 6. cxd4 Bb4+ 7. Nc3 Nge7 8. Be2 0-0 9. Bd2 Nf5 10. Be3 Nxe3 11. fxe3 f6 12. exf6 Qxf6 13. 0-0 Qg6 14. Nxd5 Bd6 15. Bc4 Kh8 16. Nc3 Qh5 17. Be2 Bxf3 18. Bxf3 Qxh2+ 19. Kf2 Rae8 20. Qd3 Rxf3+ 21. Kxf3 Qh5+ 22. Kf2 Rf8+ 23. Ke1 Bg3+ 24. Kd2 Re8 25. Rh1 Bh2 26. Raf1 h6 27. Rf3 Nb4 28. Qe2 Nd5 29. Rf8+ Rxf8 30. Qxh5 Rf2+ 31. Kd3 Nb4+ 32. Kc4 Bd6 33. Qe8+ Kh7 34. Rxh6+ Kxh6 35. Qe4 Rf6 36. Qh4+ Kg6 37. Ne4 Kf7 38. Ng5+ Ke7 39. Qh7 Kd7 40. Qxg7+ Kc6 41. Qxf6 b5+ 0-1

[Event "Cappelle Online Bullet op"]
[Site "Europe Echecs INT"]
[Date "2021.03.05"]
[Round "3"]
[White "Konopka, Jeremiasz"]
[Black "Savina, Anastasia"]
[Result "1/2-1/2"]
[WhiteElo "1926"]
[BlackElo "2333"]
[PlyCount "101"]
[EventDate "2021.03.05"]
[EventType "swiss (blitz)"]
[EventRounds "15"]
[EventCountry "FRA"]
[SourceTitle "EXT 2022"]
[Source "ChessBase"]
[SourceDate "2021.10.06"]
[SourceVersion "1"]
[SourceVersionDate "2021.10.06"]
[SourceQuality "1"]

1. e4 c5 2. b4 cxb4 3. a3 d5 4. e5 Nc6 5. d4 e6 6. axb4 Bxb4+ 7. c3 Be7 8. Bd3 f6 9. Nf3 fxe5 10. dxe5 Qb6 11. 0-0 Bd7 12. Be3 Qc7 13. Bd4 Nh6 14. Nbd2 Nf5 15. Bxf5 exf5 16. Re1 Be6 17. Rc1 0-0 18. c4 dxc4 19. Nxc4 Rad8 20. Nd6 Bxd6 21. exd6 Qxd6 22. Bc5 Qxd1 23. Rcxd1 Rxd1 24. Rxd1 Rd8 25. Rxd8+ Nxd8 26. Bxa7 b5 27. Bc5 Nc6 28. Nd4 Nxd4 29. Bxd4 b4 30. Bb2 b3 31. f4 g6 32. g3 Kf7 33. Kf2 Bc4 34. Ke3 Ke6 35. Kd4 Be2 36. Bc3 Bd1 37. Bb2 Kd6 38. Bc3 Kc6 39. Bb2 Kb5 40. Kc3 Ka4 41. Bc1 Bf3 42. Bb2 Kb5 43. Ba3 Bd5 44. Be7 Ka4 45. Kb2 Bc4 46. Bf6 Bd5 47. Bd4 Bc4 48. Bc3 Bd5 49. Bd4 Bc4 50. Bc3 Bd5 51. Bd4 1/2-1/2

[Event "Terre degli Elimi op 6th"]
[Site "Erice"]
[Date "2015.08.04"]
[Round "9"]
[White "Konopka, Jeremiasz"]
[Black "Gueci, Laura"]
[Result "1/2-1/2"]
[WhiteElo "1935"]
[BlackElo "1990"]
[PlyCount "69"]
[EventDate "2015.07.28"]
[EventType "swiss"]
[EventRounds "9"]
[EventCountry "ITA"]
[SourceTitle "EXT 2017"]
[Source "ChessBase"]
[SourceDate "2016.10.25"]
[SourceVersion "1"]
[SourceVersionDate "2016.10.25"]
[SourceQuality "1"]

1. e4 c5 2. Nf3 g6 3. d4 cxd4 4. Nxd4 Nc6 5. c4 Nf6 6. Nc3 Nxd4 7. Qxd4 d6 8. f3 Bg7 9. Be3 0-0 10. Qd2 Be6 11. Rc1 Qa5 12. b3 Rfc8 13. Nd5 Qxd2+ 14. Kxd2 Bxd5 15. cxd5 a6 16. Bd3 e6 17. dxe6 fxe6 18. Rxc8+ Rxc8 19. Rc1 Rxc1 20. Kxc1 Kf7 21. Kd2 Nd7 22. b4 d5 23. exd5 exd5 24. f4 Nb8 25. f5 Nc6 26. fxg6+ hxg6 27. b5 axb5 28. Bxb5 Nd4 29. Bd7 Ke7 30. Bc8 b6 31. Bb7 Kd6 32. Kd3 Nc6 33. Bxb6 Nb4+ 34. Ke3 Nxa2 35. Bd4 1/2-1/2

[Event "Terre degli Elimi op 6th"]
[Site "Erice"]
[Date "2015.08.02"]
[Round "7"]
[White "Pinho, Tiago"]
[Black "Konopka, Jeremiasz"]
[Result "1/2-1/2"]
[WhiteElo "1887"]
[BlackElo "1935"]
[PlyCount "79"]
[EventDate "2015.07.28"]
[EventType "swiss"]
[EventRounds "9"]
[EventCountry "ITA"]
[SourceTitle "EXT 2017"]
[Source "ChessBase"]
[SourceDate "2016.10.25"]
[SourceVersion "1"]
[SourceVersionDate "2016.10.25"]
[SourceQuality "1"]

1. c4 Nf6 2. Nc3 g6 3. e4 d6 4. g3 c5 5. Bg2 Nc6 6. Nge2 e5 7. 0-0 Bg7 8. d3 h6 9. Rb1 0-0 10. a3 Rb8 11. b4 b6 12. f4 Nd4 13. h3 Qc7 14. fxe5 dxe5 15. Bxh6 Bxh6 16. Rxf6 Be3+ 17. Kh2 Be6 18. Nd5 Bxd5 19. exd5 Kg7 20. Nxd4 exd4 21. Rc6 Qe5 22. Qf3 cxb4 23. Rxb4 Bd2 24. Rb2 Bc1 25. Re2 Be3 26. a4 Rbe8 27. Rb2 Bc1 28. Rb1 Qg5 29. h4 Qd2 30. Rxc1 Qxc1 31. Qf6+ Kg8 32. Qxd4 Re2 33. d6 Qd2 34. Qd5 Rxg2+ 35. Qxg2 Qxd3 36. Rc7 Qxd6 37. Rxa7 Qd4 38. Ra8 Qxc4 39. Rxf8+ Kxf8 40. Qa8+ 1/2-1/2

[Event "Terre degli Elimi op 6th"]
[Site "Erice"]
[Date "2015.07.30"]
[Round "4"]
[White "Sacristan Latorre, Alberto"]
[Black "Konopka, Jeremiasz"]
[Result "1-0"]
[WhiteElo "1991"]
[BlackElo "1935"]
[PlyCount "39"]
[EventDate "2015.07.28"]
[EventType "swiss"]
[EventRounds "9"]
[EventCountry "ITA"]
[SourceTitle "EXT 2017"]
[Source "ChessBase"]
[SourceDate "2016.10.25"]
[SourceVersion "1"]
[SourceVersionDate "2016.10.25"]
[SourceQuality "1"]

1. e4 c5 2. c3 Nf6 3. e5 Nd5 4. g3 d6 5. exd6 Qxd6 6. Bg2 e5 7. Ne2 Nc6 8. 0-0 Be6 9. d4 exd4 10. cxd4 cxd4 11. Nxd4 Nxd4 12. Qxd4 Qc5 13. Qa4+ b5 14. Qa6 Rc8 15. Na3 b4 16. Bg5 Ne7 17. Be3 Qe5 18. Bf4 Qxb2 19. Nb5 Ng6 20. Nc7+ 1-0

[Event "FRA-chT2 0910"]
[Site "France"]
[Date "2009.10.04"]
[Round "1.5"]
[White "Konopka, Jeremiasz"]
[Black "Gaillard, Michel"]
[Result "1-0"]
[WhiteElo "2009"]
[BlackElo "1979"]
[PlyCount "157"]
[EventDate "2009.09.27"]
[EventType "team-tourn"]
[EventRounds "11"]
[EventCountry "FRA"]
[SourceTitle "EXT 2011"]
[Source "ChessBase"]
[SourceDate "2010.11.26"]
[SourceVersion "1"]
[SourceVersionDate "2010.11.26"]
[SourceQuality "1"]

1. f4 c5 2. e4 g6 3. Nf3 Bg7 4. Nc3 Nc6 5. Bc4 a6 6. a4 e6 7. 0-0 Nge7 8. e5 0-0 9. Ne4 Nf5 10. Ra3 Rb8 11. g4 b5 12. axb5 axb5 13. gxf5 exf5 14. Bxf7+ Rxf7 15. Nd6 Rf8 16. d4 b4 17. Re3 Qb6 18. c3 bxc3 19. bxc3 Ne7 20. d5 Ba6 21. Rf2 c4 22. Ree2 Qc5 23. Be3 Qxd5 24. Rd2 Qa5 25. Ra2 Qxc3 26. Bd4 Qb3 27. Qxb3 cxb3 28. Rxa6 Nd5 29. Rb2 Nxf4 30. Ra3 Ne6 31. Bc3 Nc5 32. Bd4 Ne6 33. Ba7 Rb4 34. Rbxb3 Rxb3 35. Rxb3 g5 36. Rb5 Ra8 37. Rb7 g4 38. Nh4 Bxe5 39. Nhxf5 Nf8 40. Nh6+ Kg7 41. Kg2 Bf4 42. Nhf5+ Kg6 43. Ne7+ Kf6 44. Nd5+ Ke5 45. Nxf4 Kxd6 46. Bf2 Ke5 47. Nd3+ Kd5 48. Rb4 Ne6 49. Rxg4 Rf8 50. Nb4+ Ke5 51. Bg3+ Kf5 52. Rh4 Kg6 53. Nd5 h5 54. Bd6 Ra8 55. Nf4+ Nxf4+ 56. Rxf4 Ra6 57. Rd4 Kf5 58. Kg3 Ke6 59. Bf4 Ra5 60. Kh4 Rf5 61. Bg5 Rf2 62. Bf4 d5 63. Kxh5 Rc2 64. Kg5 Rc8 65. Kg4 Rg8+ 66. Kf3 Rh8 67. Rb4 Rh7 68. Kg4 Rg7+ 69. Bg5 Ke5 70. h4 d4 71. h5 d3 72. h6 d2 73. Rb1 Rd7 74. Rd1 Rd4+ 75. Kh5 Rd7 76. Rxd2 Rb7 77. Re2+ Kf5 78. Rf2+ Ke5 79. Kg6 1-0

[Event "Bois Colombes op 2nd"]
[Site "Bois Colombes"]
[Date "2005.12.26"]
[Round "6"]
[White "Zaky, Tamir"]
[Black "Konopka, Jeremiasz"]
[Result "1-0"]
[WhiteElo "1948"]
[BlackElo "2002"]
[PlyCount "39"]
[EventDate "2005.12.21"]
[EventType "swiss"]
[EventRounds "6"]
[EventCountry "FRA"]
[SourceTitle "EXT 2007"]
[Source "ChessBase"]
[SourceDate "2006.11.23"]
[SourceVersion "1"]
[SourceVersionDate "2006.11.23"]
[SourceQuality "1"]

1. e4 c5 2. Nf3 Nc6 3. d4 cxd4 4. Nxd4 Nf6 5. Nc3 e5 6. Nde2 Bc5 7. Ng3 Qb6 8. Qd2 Ng4 9. Nd5 Bxf2+ 10. Kd1 Qd8 11. Nf5 g6 12. Nd6+ Kf8 13. h3 Bc5 14. hxg4 Bxd6 15. Qh6+ Kg8 16. Bg5 Bf8 17. Qh4 Be7 18. Nxe7+ Nxe7 19. Bxe7 Qb6 20. Qh6 1-0

[Event "Bois Colombes op 2nd"]
[Site "Bois Colombes"]
[Date "2005.12.24"]
[Round "4"]
[White "Konopka, Jeremiasz"]
[Black "Guichard, Pauline"]
[Result "0-1"]
[WhiteElo "2002"]
[BlackElo "2170"]
[PlyCount "62"]
[EventDate "2005.12.21"]
[EventType "swiss"]
[EventRounds "6"]
[EventCountry "FRA"]
[SourceTitle "EXT 2007"]
[Source "ChessBase"]
[SourceDate "2006.11.23"]
[SourceVersion "1"]
[SourceVersionDate "2006.11.23"]
[SourceQuality "1"]

1. e4 c5 2. Nf3 Nc6 3. Bb5 Nf6 4. e5 Ng4 5. Bxc6 dxc6 6. d3 g6 7. h3 Nh6 8. g4 f5 9. g5 Nf7 10. Nc3 Bg7 11. Qe2 Qc7 12. Bf4 Nd8 13. 0-0-0 Ne6 14. Qe3 Nxf4 15. Qxf4 Be6 16. d4 cxd4 17. Rxd4 0-0 18. h4 b5 19. h5 c5 20. hxg6 cxd4 21. Rxh7 dxc3 22. Qh4 cxb2+ 23. Kb1 Rfc8 24. Rh8+ Bxh8 25. Qh7+ Kf8 26. Qxh8+ Bg8 27. g7+ Kf7 28. Nd4 Qxe5 29. Qh5+ Kxg7 30. Qh6+ Kf7 31. Qh5+ Kf8 0-1